000 01418nam a2200337Ia 4500
001 ebr10363647
003 CaPaEBR
006 m u
007 cr cn|||||||||
008 090413s2009 ne ab sb 000 0 eng d
010 _z 2009922275
020 _z1586039873
020 _z9781586039875
040 _aCaPaEBR
_cCaPaEBR
035 _a(OCoLC)491253352
050 1 4 _aQH541.15.M3
_bL67 2009eb
100 1 _aLos, Hans,
_d1951-
245 1 0 _aEco-hydrodynamic modelling of primary production in coastal waters and lakes using BLOOM
_h[electronic resource] /
_cHans Los.
246 3 _aEco-hydrodynamic modeling of primary production in coastal waters and lakes using BLOOM
260 _aAmsterdam ;
_aFairfax, VA :
_bIos Press,
_cc2009.
300 _avi, 282 p. :
_bill., maps.
490 1 _aDeltares select series,
_x1877-5608 ;
_vv. 1
504 _aIncludes bibliographical references.
533 _aElectronic reproduction.
_bPalo Alto, Calif. :
_cebrary,
_d2011.
_nAvailable via World Wide Web.
_nAccess may be limited to ebrary affiliated libraries.
650 0 _aEcology
_xMathematical models.
650 0 _aPhytoplankton
_xMathematical models.
655 7 _aElectronic books.
_2local
710 2 _aebrary, Inc.
830 0 _aDeltares select series ;
_vv. 1.
856 4 0 _uhttp://site.ebrary.com/lib/rucke/Doc?id=10363647
_zAn electronic book accessible through the World Wide Web; click to view
999 _c111787
_d111787